01542nam a2200361 a 4500001001000000003000500010005001700015008004100032010001100073011001100084040000900095090001000104100003700114245012900151260004100280500006000321502008700381590004100468590004000509590004000549590004000589650003900629650004800668650005000716650003600766856007000802901000700872942001000879942000600889999001900895952013100914952013501045000113625CHAP20220329144404.0170830s2017 mx a fsm |||||||spa d a110086 a111058 cCHAP aTesis1 aLópez García, Brenda913310910aArbustos :h[En línea]buna forma de vida en las zonas áridas y semiáridas de México /cpor Brenda López García. aChapingo, Méx. :bEl autor,c2017. aPara ver el contenido del material haga clic en la liga aTesis (Ing. en Restauración Forestal) -- UACH. División de Ciencias Forestales aE11695DGDb10c20170830lUCH01h1317 aE8697GMMb05c20170830lUCH01h1219 aE8697GMMb05c20170830lUCH01h1315 aE8697GMMb05c20170830lUCH01h131614aArbustosxClasificación.913311014aArbustosxFisiología y morfología9672814aArbustosxIdentificaciónzMéxico.913311114aArbustosxRegiones aridas96743 aFinding aiduhttp://10.13.5.2/tesis/sist113525.pdfzTeclea aquí aBK cTESIS n0 c110086d110086 00104054718TESISaBCbBCd2017-08-30fTESISl0oTesisp113627-10r2019-12-31 00:00:00w2019-12-31yTESISzRecien adquirido 00102local4053708TESISaBCbBCcPA_TESISd2017-08-30fTESISl0oTesisp113627-20r2019-12-31 00:00:00tc.2w2019-12-31yTESIS